Nadira, Bandar Bukit Raja 2, Klang, Selangor

Bibliographic Details
Main Authors: Edwin, Yap Ming Wai (Author), Rosnani Binti Baha (Author), Siti Norhamizah Binti Shahar (Author), Chen, Wei Chei (Author)
Format: Book
Language:English
Subjects:

MARC

LEADER 00000cam a2200000 7i4500
001 0000030276
005 20251128.0
008 230706 my a eng
040 |a INS   |b eng   |c INS   |e rda 
090 0 0 |a IP119   |b 2023 
100 1 |a Edwin, Yap Ming Wai ,   |e author 
245 1 0 |a Nadira, Bandar Bukit Raja 2, Klang, Selangor   |c Edwin Yap Ming Wai, Chen Wei Chei, Rosnani Binti Baha, Siti Norhamizah Binti Shahar 
264 0 |c 2023 
300 |a 1 volume (various pagings) :   |b illustrations, colour, pictures ;   |c 30 cm. 
336 |a text  |2 rdacontent 
337 |a unmediated  |2 rdamedia 
338 |a volume  |2 rdacarrier 
500 |a Integrated Project 
500 |a Laporan disediakan bagi memenuhi keperluan untuk dianugerahkan Sijil Agensi Harta Tanah dari Institut Penilaian Negara 
650 0 |a Housing   |x Marketing 
650 0 |a Real estate agents 
700 0 |a Rosnani Binti Baha ,   |e author 
700 0 |a Siti Norhamizah Binti Shahar ,   |e author 
700 1 |a Chen, Wei Chei ,   |e author 
999 |a IP00000125   |b BOOK   |c Project papers   |e Default branch